000
003100000a22001450004500
003
MACL
040
_a
MACL
090
_c
8516
_d
8515
100
_a
Pande, Govind Chandra
245
_a
Consciousness Value Culture
260
_b
Raka Prakashan
_c
2006
350
_a
595
650
_a
Philosophy
942
_c
BOOK
_k
100
999
_c
8462
_d
8462